<?xml version="1.0" encoding="UTF-8"?><?xml-stylesheet type="text/xsl" href="static/style.xsl"?><OAI-PMH xmlns="http://www.openarchives.org/OAI/2.0/" xmlns:xsi="http://www.w3.org/2001/XMLSchema-instance" xsi:schemaLocation="http://www.openarchives.org/OAI/2.0/ http://www.openarchives.org/OAI/2.0/OAI-PMH.xsd"><responseDate>2026-04-27T22:10:25Z</responseDate><request verb="GetRecord" identifier="oai:uvadoc.uva.es:10324/28500" metadataPrefix="marc">https://uvadoc.uva.es/oai/request</request><GetRecord><record><header><identifier>oai:uvadoc.uva.es:10324/28500</identifier><datestamp>2025-02-21T07:11:13Z</datestamp><setSpec>com_10324_1168</setSpec><setSpec>com_10324_931</setSpec><setSpec>com_10324_894</setSpec><setSpec>col_10324_1302</setSpec></header><metadata><record xmlns="http://www.loc.gov/MARC21/slim" xmlns:doc="http://www.lyncode.com/xoai" xmlns:xsi="http://www.w3.org/2001/XMLSchema-instance" xmlns:dcterms="http://purl.org/dc/terms/" xsi:schemaLocation="http://www.loc.gov/MARC21/slim http://www.loc.gov/standards/marcxml/schema/MARC21slim.xsd">
<leader>00925njm 22002777a 4500</leader>
<datafield tag="042" ind1=" " ind2=" ">
<subfield code="a">dc</subfield>
</datafield>
<datafield tag="720" ind1=" " ind2=" ">
<subfield code="a">Serna Cantero, Álvaro</subfield>
<subfield code="e">author</subfield>
</datafield>
<datafield tag="720" ind1=" " ind2=" ">
<subfield code="a">Tadeo Rico, Fernando Juan</subfield>
<subfield code="e">author</subfield>
</datafield>
<datafield tag="260" ind1=" " ind2=" ">
<subfield code="c">2013</subfield>
</datafield>
<datafield tag="520" ind1=" " ind2=" ">
<subfield code="a">This paper evaluates the design of an offshore desalination plant currently under preliminary development.The purpose is to test the feasibility of producing drinkable water using wave energy in out-of-sight installations, as an alternative for those locations where land use, civil engineering works, and/or environmental impact make a coast-based solution inadequate. After describing the components, a proposal for sizing them is studied, based on using buoy-measured data at the expected location and their mathematical models of the different sections of the plant. Finally, by using measured buoy data, the influence of sizing on the&#xd;
expected performance is studied for a specific location, and one of the designs is developed in detail.</subfield>
</datafield>
<datafield tag="024" ind2=" " ind1="8">
<subfield code="a">Advances in Mechanical Engineering,5, 539857.</subfield>
</datafield>
<datafield tag="024" ind2=" " ind1="8">
<subfield code="a">http://uvadoc.uva.es/handle/10324/28500</subfield>
</datafield>
<datafield tag="245" ind1="0" ind2="0">
<subfield code="a">Offshore desalination using wave energy</subfield>
</datafield>
</record></metadata></record></GetRecord></OAI-PMH>